[Event "AUTO-INT-671"]
[Site "http://www.queenalice.com/game.php?id=296976"]
[Date "2007.11.2"]
[Round "1"]
[White "sapucaio"]
[Black "Romulo_Galter"]
[Result "1-0"]
[WhiteElo "1643"]
[BlackElo "1344"]

1. e4 Nc6 2. d4 Nb4 3. Bc4 d6 4. c3 Nc6 5. h3 Nf6 6. Nd2 e5 7. d5 Na5 8. Bb5+
Bd7 9. Qa4 c6 10. dxc6 bxc6 11. Bd3 c5 12. Bb5 Nh5 13. Bxd7+ Qxd7 14. Qxa5 Be7
15. Ngf3 Bd8 16. Qa6 Nf4 17. Rg1 O-O 18. Nc4 Nd3+ 19. Kf1 Rc8 20. Nxd6 Rc6 21.
Qxd3 Rxd6 22. Qc2 Rd1+ 23. Ne1 f5 24. g3 f4 25. Kg2 Rf7 26. g4 Bh4 27. Nf3 Rd3
28. Nxh4 f3+ 29. Kg3 a5 30. a4 c4 31. Be3 h6 32. Ng6 Qd6 33. Nh4 g5 34. Nf5 Qc6
35. Rgd1 Rd6 36. Nxd6 Rf4 37. Bxf4 gxf4+ 38. Kxf3 h5 39. g5 Qc5 40. Qd2 Qc7 41.
Qd5+ Kh7 42. Qxe5 Qd7 43. Qf5+ Qxf5 44. Nxf5 Kg6 45. h4 1-0

[Event "AUTO-OPEN-887"]
[Site "http://www.queenalice.com/game.php?id=297103"]
[Date "2007.11.2"]
[Round "1"]
[White "Ikki_de_Fenix"]
[Black "sapucaio"]
[Result "1-0"]
[WhiteElo "2130"]
[BlackElo "1647"]

1. d4 d5 2. c4 e6 3. Nc3 dxc4 4. e3 a6 5. Bxc4 Nc6 6. Nf3 f6 7. O-O b5 8. Bb3
Bb7 9. Bxe6 Bd6 10. e4 Bc8 11. Bb3 Nge7 12. Re1 Bb4 13. e5 f5 14. a3 Ba5 15. Be3
Ng6 16. Bg5 Nge7 17. e6 1-0

[Event "AUTO-OPEN-887"]
[Site "http://www.queenalice.com/game.php?id=297104"]
[Date "2007.11.2"]
[Round "1"]
[White "sapucaio"]
[Black "Ikki_de_Fenix"]
[Result "0-1"]
[WhiteElo "1645"]
[BlackElo "2132"]

1. d4 Nf6 2. Bf4 g6 3. Nc3 Bg7 4. Nf3 O-O 5. e3 d6 6. h3 Nbd7 7. g4 c5 8. Bg2
cxd4 9. Nxd4 e5 10. O-O exf4 11. exf4 a6 12. a4 Re8 13. Qd2 Nc5 14. Rae1 Bd7 15.
b3 Ne6 16. Nxe6 Bxe6 17. Bxb7 Ra7 0-1

[Event "AUTO-OPEN-887"]
[Site "http://www.queenalice.com/game.php?id=297145"]
[Date "2007.11.2"]
[Round "1"]
[White "J_Ricardo"]
[Black "sapucaio"]
[Result "0-1"]
[WhiteElo "1563"]
[BlackElo "1660"]

1. e4 e5 2. Nf3 Qf6 3. d3 h6 4. b3 Bc5 5. Bb2 Nc6 6. Nbd2 d6 7. Be2 Nge7 8. h3
Ng6 9. g3 Nd4 10. Nxd4 exd4 11. Nf3 O-O 12. Qd2 a5 13. c3 b5 14. c4 Bb4 15. e5
dxe5 16. Kd1 Bxd2 17. Kxd2 bxc4 18. bxc4 c5 19. Bc1 Rb8 20. Ba3 Qd6 21. Rhc1 f5
22. Bd1 f4 23. g4 Ne7 24. Nh4 Bb7 25. Rcb1 g5 26. Nf5 Nxf5 27. gxf5 Rxf5 28. f3
Rff8 29. Rb5 Rfc8 30. Rxa5 Ra8 31. Rxa8 Rxa8 32. Bb2 Ba6 33. Rb1 Rb8 34. a3 Rb6
35. Be2 Qb8 36. Ke1 Rxb2 37. Rd1 Qb3 38. Kf2 Qxd1 39. a4 Qxe2+ 0-1

[Event "AUTO-OPEN-887"]
[Site "http://www.queenalice.com/game.php?id=297146"]
[Date "2007.11.2"]
[Round "1"]
[White "sapucaio"]
[Black "J_Ricardo"]
[Result "1-0"]
[WhiteElo "1674"]
[BlackElo "1551"]

1. d4 Nf6 2. Bf4 h6 3. h4 e6 4. a3 Be7 5. Nc3 a6 6. Nf3 d6 7. e4 c6 8. Be2 d5 9.
e5 Nfd7 10. O-O Nf8 11. b4 b6 12. Bd3 b5 13. g3 Nfd7 14. Ne2 a5 15. c3 axb4 16.
axb4 Rxa1 17. Qxa1 Na6 18. Nc1 O-O 19. Nb3 Bb7 20. Na5 Ba8 21. Nxc6 Bxc6 22.
Qxa6 Qc7 23. Ra1 Nb8 24. Qa7 Qc8 25. Qxe7 Be8 26. g4 Nc6 27. Qc5 Qd7 28. Bxb5
Qc7 29. Ra7 Qb8 30. Bxc6 Bxc6 31. Ra6 Bd7 32. g5 Bc8 33. Rb6 Qa8 34. Qd6 Ba6 35.
Rxa6 Qc8 36. Bd2 Re8 37. gxh6 gxh6 38. Bxh6 Rd8 39. Rc6 Qa8 40. Qc7 Re8 41. Ng5
Qa1+ 42. Kg2 Qc1 43. Qxf7+ Kh8 44. Qg7# 1-0

[Event "AUTO-INT-455"]
[Site "http://www.queenalice.com/game.php?id=311806"]
[Date "2007.11.28"]
[Round "2"]
[White "Artking"]
[Black "sapucaio"]
[Result "1-0"]
[WhiteElo "1781"]
[BlackElo "1628"]

1. e4 e5 2. Nf3 Qf6 3. d4 Bd6 4. d5 c6 5. Bg5 Qg6 6. Nbd2 h6 7. Be3 Nf6 8. Nh4
Qh5 9. Nhf3 cxd5 10. exd5 b6 11. Nc4 Bc5 12. Ncxe5 Bxe3 13. fxe3 O-O 14. c4 Ne4
15. Bd3 Ng3 16. Rg1 Nf5 17. g4 Qh3 18. gxf5 f6 19. Ng6 Re8 20. Qe2 d6 21. Nf4
Qxf5 22. Bxf5 Bxf5 23. Nh4 Bh7 24. Nh5 Nd7 25. Rxg7+ Kh8 26. Rxd7 Bg8 27. Ng6#
1-0

[Event "AUTO-INT-455"]
[Site "http://www.queenalice.com/game.php?id=311807"]
[Date "2007.11.28"]
[Round "2"]
[White "sapucaio"]
[Black "Artking"]
[Result "0-1"]
[WhiteElo "1560"]
[BlackElo "1978"]

1. d4 Nf6 2. Bf4 c5 3. Nc3 b6 4. e3 d6 5. h3 g6 6. Nf3 Nbd7 7. g4 Bg7 8. Bb5 a6
9. Bc6 O-O 10. Bxa8 cxd4 11. exd4 Qc7 12. Be4 Nxe4 13. Nxe4 Bb7 14. Ned2 Bxd4
15. Rf1 Bxb2 16. Rb1 Bc3 17. Nh2 Bg2 18. Rg1 Bd5 19. Kf1 Bc4+ 20. Nxc4 Qxc4+ 21.
Qd3 Qxf4 22. Rg2 Bd4 23. Qxa6 Ne5 24. Rd1 Bc5 25. Qb7 Qc4+ 26. Kg1 Qxc2 27. Rf1
Nd3 28. Qf3 Ne5 29. Qb7 Qxa2 30. Qxe7 Qd5 31. Rg3 Ra8 32. g5 Qe4 33. Qf6 b5 34.
Qe7 Nf3+ 35. Rxf3 Qxe7 36. Ng4 Qxg5 37. Kg2 h5 0-1

[Event "AUTO-INT-455"]
[Site "http://www.queenalice.com/game.php?id=311812"]
[Date "2007.11.28"]
[Round "2"]
[White "sapucaio"]
[Black "jose50"]
[Result "0-1"]
[WhiteElo "1567"]
[BlackElo "1965"]

1. d4 d5 2. Bf4 Bf5 3. Nc3 e6 4. a3 Nf6 5. f3 Bd6 6. Qd2 Bxf4 7. Qxf4 Nh5 8. Qe3
Bxc2 9. Rc1 Bg6 10. g3 Nc6 11. Nh3 O-O 12. Bg2 e5 13. Nd1 exd4 14. Qd2 Qe8 15.
O-O h6 16. Ndf2 Qe3 17. Qxe3 dxe3 18. Nd3 Bxd3 19. exd3 Ne5 20. d4 Nd3 21. Rc3
e2 22. Rxd3 exf1=Q+ 23. Bxf1 Rfe8 24. g4 Nf6 25. b3 Re1 26. Kf2 Rae8 27. Nf4 Ra1
28. b4 Ra2+ 29. Be2 g5 0-1

[Event "AUTO-INT-455"]
[Site "http://www.queenalice.com/game.php?id=311813"]
[Date "2007.11.28"]
[Round "2"]
[White "jose50"]
[Black "sapucaio"]
[Result "1-0"]
[WhiteElo "1967"]
[BlackElo "1524"]

1. e4 e5 2. Bc4 Bc5 3. Nf3 Qf6 4. h3 a6 5. d4 Bxd4 6. c3 h6 7. cxd4 d6 8. dxe5
dxe5 9. Qb3 Ne7 10. Nc3 O-O 11. Be3 Be6 12. Bxe6 fxe6 13. Qxb7 Nbc6 14. O-O-O
Rfc8 15. Rd7 Kh7 16. Rhd1 Na5 17. Qb4 Nec6 18. Qa3 Nc4 19. Qc5 Nxe3 20. fxe3 Nd8
21. Qxe5 Qf8 22. Nd4 Nf7 23. Qxe6 Nd8 24. Qf5+ Qxf5 25. Nxf5 Ne6 26. Re7 Re8 27.
Rdd7 Rxe7 28. Rxe7 Nf8 29. Rxg7+ Kh8 30. Rxc7 a5 31. e5 Re8 32. Re7 Rd8 33. Nd6
Ng6 34. Nf7+ Kg8 35. Nxd8 Nxe7 36. Ne6 Kf7 37. Nc7 Kg6 38. e4 Nc6 39. e6 Kf6 40.
N3d5+ Ke5 41. e7 Nxe7 42. Nxe7 Kd6 43. Kd2 Kxe7 44. Kd3 Kd6 45. Nd5 a4 46. b4 a3
47. b5 h5 48. g4 hxg4 49. hxg4 Kd7 50. g5 Ke8 51. g6 Kf8 52. b6 Kg7 53. Nf4 Kg8
54. b7 Kf8 55. b8=Q+ Ke7 56. Qb6 Kd7 57. g7 1-0

[Event "AUTO-INT-455"]
[Site "http://www.queenalice.com/game.php?id=311814"]
[Date "2007.11.28"]
[Round "2"]
[White "sapucaio"]
[Black "Casemiro"]
[Result "0-1"]
[WhiteElo "1576"]
[BlackElo "1924"]

1. d4 d5 2. Bf4 Bf5 3. Nc3 Nc6 4. e3 e6 5. Nb5 a6 6. Nxc7+ Ke7 7. Nxa8 Qxa8 8.
Nf3 f6 9. Bd3 Bxd3 10. Qxd3 g5 11. Qa3+ Kf7 0-1

[Event "AUTO-INT-455"]
[Site "http://www.queenalice.com/game.php?id=311815"]
[Date "2007.11.28"]
[Round "2"]
[White "Casemiro"]
[Black "sapucaio"]
[Result "1-0"]
[WhiteElo "1942"]
[BlackElo "1578"]

1. d4 d5 2. Nc3 Bf5 3. Bf4 a6 4. Nf3 e6 5. e3 Nc6 6. Bd3 Bxd3 7. Qxd3 Nb4 8. Qd2
h6 9. O-O Nf6 10. a3 Ne4 11. Nxe4 1-0

[Event "AUTO-INT-671"]
[Site "http://www.queenalice.com/game.php?id=394555"]
[Date "2008.4.28"]
[Round "2"]
[White "sapucaio"]
[Black "Vampyr"]
[Result "0-1"]
[WhiteElo "1532"]
[BlackElo "2172"]

1. e4 c5 2. Bc4 e6 3. d3 d6 4. f4 Nc6 5. b3 Nge7 6. Bb2 a6 7. a4 d5 8. exd5 exd5
9. Bxa6 Rxa6 10. h3 Nf5 11. Qf3 Be6 12. Ne2 d4 13. Nd2 Ne3 14. Rc1 Bd5 15. Ne4
f5 16. Qh5+ g6 17. Qg5 fxe4 18. Qxd8+ Kxd8 19. Ng3 Nxg2+ 20. Ke2 Nxf4+ 21. Kd2
e3+ 0-1

[Event "AUTO-INT-671"]
[Site "http://www.queenalice.com/game.php?id=394556"]
[Date "2008.4.28"]
[Round "2"]
[White "Vampyr"]
[Black "sapucaio"]
[Result "1-0"]
[WhiteElo "2174"]
[BlackElo "1532"]

1. e4 e5 2. Nc3 Bc5 3. f4 d6 4. Nf3 exf4 5. d4 Bb4 6. Bxf4 b6 7. Bd3 Bb7 8. O-O
Bxc3 9. bxc3 Ne7 10. c4 c5 11. d5 a5 12. e5 dxe5 13. Bxe5 f6 14. Bc3 Na6 15. Qe2
Qd6 16. Rae1 Nb4 17. Nh4 g6 18. Rxf6 Qb8 19. Qxe7# 1-0

[Event "AUTO-OPEN-689"]
[Site "http://www.queenalice.com/game.php?id=402049"]
[Date "2008.5.12"]
[Round "2"]
[White "sapucaio"]
[Black "kulalking"]
[Result "0-1"]
[WhiteElo "1526"]
[BlackElo "2251"]

1. d4 Nf6 2. Bf4 d6 3. Nc3 Nbd7 4. e3 g6 5. Nf3 Bg7 6. Be2 O-O 7. O-O e6 8. Bg5
h6 9. Bxf6 Nxf6 10. a4 Qe7 11. h3 e5 12. dxe5 dxe5 0-1

[Event "AUTO-OPEN-689"]
[Site "http://www.queenalice.com/game.php?id=402050"]
[Date "2008.5.12"]
[Round "2"]
[White "kulalking"]
[Black "sapucaio"]
[Result "1-0"]
[WhiteElo "2250"]
[BlackElo "1528"]

1. e4 c5 2. d4 b6 3. Nf3 Bb7 4. Nc3 g6 5. dxc5 bxc5 6. Bc4 Bg7 7. e5 e6 8. Nb5
h6 9. Nd6+ Ke7 10. Nxb7 Qb6 11. Qd6+ Qxd6 12. exd6+ 1-0

[Event "Challenge"]
[Site "http://www.queenalice.com/game.php?id=410194"]
[Date "2008.5.30"]
[Round "-"]
[White "Chesstiger"]
[Black "sapucaio"]
[Result "1-0"]
[WhiteElo "1690"]
[BlackElo "1530"]

1. b4 b5 2. Bb2 Bb7 3. d4 d5 4. e4 dxe4 5. Bxb5+ Nd7 6. c4 e6 7. c5 c6 8. Bc4
Ngf6 9. Nc3 Be7 10. Qe2 a5 11. a3 1-0